Luke's Music General Knowledge Quiz #1 - Statistics

General Stats
  • This quiz has been taken 112 times
  • The average score is 9 of 20
Answer Stats
Hint Answer % Correct
What is the most popular instrument of all time? Piano
88%
How many languages does Shakira speak? 6
84%
Which classical composer was deaf? Beethoven
84%
What music genre is Nashville, TN mostly known for? Country
81%
Eminems "8 Mile" is named after a road in which US city? Detroit
71%
What bands name was created by combining the first letters of their names? ABBA
70%
What year did Whitney Houston die? 2012
62%
Lizzo plays what instrument? Flute
54%
Its the call of an elephant and a brass instrument. Trumpet
53%
What city was Tupac Shakur shot and killed in? Las Vegas
42%
What country did The Strokes come from? USA
40%
When did Led Zeppelin break-up? 1980
38%
Who was the first woman inducted into the Rock and Roll Hall of Fame? Aretha Franklin
37%
What is Post Malone's favorite Italian restaurant? Olive Garden
26%
What country was Sade Adu born in? Nigeria
25%
What Scottish Indie Rock band sang the song "Heaven or Las Vegas"? Cocteau Twins
16%
What instrument played in pairs originates among the Indians of South America? Maracas
14%
What Rolling Stones song is also a restaurant chain? Ruby Tuesday
13%
George Harrison wrote what song about Eric Claptons sweet tooth? Savoy Truffle
6%
What instrument did Donovan sing about in 1968? Hurdy Gurdy
4%
No matching quizzes found
Score Distribution
Percent of People with Each Score
Percentile by Number Answered
Your Score History
You have not taken this quiz